000 00723nam a2200229 i 4500
001 437893
005 20171227043952.0
008 810218s1980 enka bd 000 0 eng
010 _a 81453358
015 _aGB***
020 _a009141511X (pbk.) :
_c£5.95
040 _aDLC
_cDLC
_dDLC
041 _aeng
080 _a741.603 GAR
082 0 0 _a741.603 GAR
_219
100 1 _a44
101 _aART
245 1 0 _aIllustrated graphics glossary of terms used in printing, publishing, photography, and other fields of interest to graphic designers, their clients, and their suppliers /
_cKen Garland.
504 _aBibliography: p. 187-192.
906 _a7
_bcbc
_corignew
_d4
_encip
_f19
_gy-gencatlg
942 _2ddc
_cBK
999 _c39471
_d39471